000 00757nmc a2200265 a 4500
003 AR-BaBNM
005 20251128211257.0
008 033120s1999 ||||||||||||||000 | spa||
020 _a950-860-081-0
040 _cAR-BaBNM
245 1 0 _aTemerarios y heroicos
_brelatos de querras en América Latina
260 _aBuenos Aires
_bEdiciones Instituto Movilizador de Fondos Cooperativos C.L.
_c1999
300 _a128 p.
490 0 _aDesde la gente
_vv. 63
504 _aContiene referencias bibliográficas
650 4 _aLITERATURA LATINOAMERICANA
650 4 _aANTOLOGIAS
650 4 _aESCRITORES
650 4 _aGUERRA
653 _aNARRATIVA
655 _aLITERATURA
700 1 _aCella, Susana
_ecompilador
942 _cBK
998 _cmartin
999 _c18965
_d18965